Luchas sociales en Costa Rica: de la crisis a la resistencia global (1979-2007) /
Bewaard in:
| Hoofdauteur: | |
|---|---|
| Andere auteurs: | |
| Formaat: | Texto |
| Taal: | Spanish |
| Gepubliceerd in: |
México, D.F.:
UNAM
|
| Onderwerpen: | |
| Tags: |
Voeg label toe
Geen labels, Wees de eerste die dit record labelt!
|
MARC
| LEADER | 00000 a a2200000 04500 | ||
|---|---|---|---|
| 001 | 39864 | ||
| 003 | cru IIS | ||
| 005 | 20230424123456.0 | ||
| 008 | 230424b |||||||| |||| 00| 0 spa d | ||
| 020 | |a 978-607-2-00332-3 | ||
| 040 | |c CRAI/IIS | ||
| 090 | |a 0001 S232c | ||
| 100 | 1 | |a Menjívar Ochoa, Mauricio |9 11168 | |
| 245 | |a Luchas sociales en Costa Rica: |b de la crisis a la resistencia global (1979-2007) / |c Mauricio Menjívar Ochoa | ||
| 260 | |a México, D.F.: |b UNAM | ||
| 300 | |a 83-108 p. | ||
| 650 | 0 | |9 143 |a ECONOMIA | |
| 650 | 0 | |9 2122 |a DESARROLLO SOCIAL | |
| 650 | 0 | |9 83 |a DEMOCRACIA | |
| 651 | 0 | |9 32 |a COSTA RICA | |
| 700 | |a coord. | ||
| 773 | 0 | |0 9371 |9 8697 |a Santana, Adalberto |d México, D.F.: UNAM 2008 |o 06819 |t Costa Rica en los inicios del siglo XXI / |w (cru CIDCAS/IIS)39858 |z 978-607-2-00332-3 | |
| 942 | |2 ddc |c LI | ||
| 999 | |c 44878 |d 44878 | ||



